Энергоресурсоэффективность и энергосбережение в Республике Татарстан (Запись № 1593433)

Подробности
000 -МАРКЕР
контрольное поле 03044nam0a2200421 4500
001 - ИДЕНТИФИКАТОР ЗАПИСИ
контрольное поле RU\NLR\bibl\1183772
005 - ИДЕНТИФИКАТОР ВЕРСИИ
контрольное поле 20260407174243.0
010 ## - МЕЖДУНАРОДНЫЙ СТАНДАРТНЫЙ НОМЕР КНИГИ (ISBN)
Номер (ISBN) 978-593962-231-8
Тираж 150
021 ## - НОМЕР ГОСУДАРСТВЕННОЙ РЕГИСТРАЦИИ
Код страны Российская Федерация
Номер 2007-86115
Номер Листа государственной регистраци 4649
035 ## - ДРУГИЕ СИСТЕМНЫЕ НОМЕРА
Идентификатор записи (nilc)RSL-KNO-003369636
035 ## - ДРУГИЕ СИСТЕМНЫЕ НОМЕРА
Идентификатор записи (NLR Aleph) 001170359
100 ## - ДАННЫЕ ОБЩЕЙ ОБРАБОТКИ
Данные общей обработки 20071205d2006 |||y0rusy50 ca
101 0# - ЯЗЫК РЕСУРСА
Язык текста, звукозаписи и т.д. русский
102 ## - СТРАНА ПУБЛИКАЦИИ ИЛИ ПРОИЗВОДСТВА
Страна публикации Российская Федерация
105 ## - ПОЛЕ КОДИРОВАННЫХ ДАННЫХ: ТЕКСТОВЫЕ МАТЕРИАЛЫ, МОНОГРАФИЧЕСКИЕ
Кодированные данные о монографическом текстовом документе a |||||||||
200 1# - ЗАГЛАВИЕ И СВЕДЕНИЯ ОБ ОТВЕТСТВЕННОСТИ
Основное заглавие Энергоресурсоэффективность и энергосбережение в Республике Татарстан
Сведения, относящиеся к заглавию сборник докладов VII Международного симпозиума "Энергоресурсоэффективность и энергосбережение", 5-7 декабря 2006 г., [г. Казань
Первые сведения об ответственности сост.: М.К. Антипин и др.
Последующие сведения об ответственности под общ. ред. д.т.н., проф. Е.В. Мартынова]
210 ## - ПУБЛИКАЦИЯ, РАСПРОСТРАНЕНИЕ И ДР.
Место издания, распространения и т.д. Казань
Имя издателя, распространителя и т. д. Центр инновационных технологий
Дата издания, распространения и т.д. 2006
215 ## - ФИЗИЧЕСКАЯ ХАРАКТЕРИСТИКА
Специфическое обозначение материала и объем 551 с.
Другие сведения о физической характеристике ил., портр.
Размеры 20
300 ## - ОБЩИЕ ПРИМЕЧАНИЯ
Текст примечания В надзаг.: Каб. Министров Респ. Татарстан, М-во экономики и пром-сти Респ. Татарстан, Центр энергосберегающих технологий Респ. Татарстан при Каб. Министров Респ. Татарстан
320 ## - ПРИМЕЧАНИЯ О НАЛИЧИИ В ДОКУМЕНТЕ БИБЛИОГРАФИИ / УКАЗАТЕЛЯ
Текст примечания Библиогр. в конце докл.
320 ## - ПРИМЕЧАНИЯ О НАЛИЧИИ В ДОКУМЕНТЕ БИБЛИОГРАФИИ / УКАЗАТЕЛЯ
Текст примечания Алф. указ.: с. 550-551
606 1# - НАИМЕНОВАНИЕ ТЕМЫ КАК ПРЕДМЕТ
Наименование темы Энергетические ресурсы
Формальный подзаголовок Съезды, совещания и т.п.
Тематический подзаголовок Экономия
Географический подзаголовок Татарстан, Республика
Системный номер авторитетной/нормативной записи 2124957
Идентификатор авторитетной/нормативной записи RU\NLR\auth\661282733
610 0# - НЕКОНТРОЛИРУЕМЫЕ ПРЕДМЕТНЫЕ ТЕРМИНЫ
Предметный термин Энергетика -- Энергетическое хозяйство. Энергоснабжение -- Экономия энергии и нормирование расхода -- Экономия и рациональное использование энергии -- Материалы конференции
610 0# - НЕКОНТРОЛИРУЕМЫЕ ПРЕДМЕТНЫЕ ТЕРМИНЫ
Предметный термин Экономика -- Российская Федерация -- Республика Татарстан -- Электроэнергетика -- Энергосбережение -- Материалы конференции
686 ## - ИНДЕКСЫ ДРУГИХ КЛАССИФИКАЦИЙ
Индекс З190.73я431(0)
Код системы
686 ## - ИНДЕКСЫ ДРУГИХ КЛАССИФИКАЦИЙ
Индекс У9(2Р-6Т)305.70-554.081я431(0)
Код системы
686 ## - ИНДЕКСЫ ДРУГИХ КЛАССИФИКАЦИЙ
Индекс З190.73я431(0)
686 ## - ИНДЕКСЫ ДРУГИХ КЛАССИФИКАЦИЙ
Индекс У9(2)-554.081(2Р-6Т)я431
702 #1 - ИМЯ ЛИЦА - ВТОРИЧНАЯ ОТВЕТСТВЕННОСТЬ
Начальный элемент ввода Антипин
Часть имени, кроме начального элемента ввода М. К.
Расширение инициалов личного имени Михаил Константинович
Код отношения Составитель
702 #1 - ИМЯ ЛИЦА - ВТОРИЧНАЯ ОТВЕТСТВЕННОСТЬ
Код отношения Редактор
Материалы, к которым относится поле rus
Графика поля Кириллица
Начальный элемент ввода Мартынов
Часть имени, кроме начального элемента ввода Е. В.
Дополнения к именам, кроме дат д-р техн. наук
Даты 1953-
Расширение инициалов личного имени Евгений Васильевич
Идентификатор авторитетной/нормативной записи RU\NLR\auth\77108696
Системный номер авторитетной/нормативной записи 91621
711 12 - НАИМЕНОВАНИЕ ОРГАНИЗАЦИИ - АЛЬТЕРНАТИВНАЯ ОТВЕТСТВЕННОСТЬ
Начальный элемент ввода "Энергоресурсоэффективность и энергосбережение", международный симпозиум
Порядковый номер временной организации и / или порядковый номер ее части 7
Дата проведения временной организации 2006
Место проведения временной организации Казань
Идентификатор авторитетной/нормативной записи RU\NLR\AUTH\8810111597
Системный номер авторитетной/нормативной записи 722984
801 #0 - ИСТОЧНИК ЗАПИСИ
Страна Российская Федерация
Организация РКП
Дата составления 20071205
Правила каталогизации rcr
801 #1 - ИСТОЧНИК ЗАПИСИ
Страна Российская Федерация
Организация РГБ
Дата составления 20071205
801 #2 - ИСТОЧНИК ЗАПИСИ
Страна Российская Федерация
Организация NLR
Дата составления 20080205
Правила каталогизации rcr
942 ## - ДОПОЛНИТЕЛЬНЫЕ ЭЛЕМЕНТЫ ЗАПИСИ (АБИС)
Тип экземпляра АБИС Книга
980 ## - КОЛЛЕКЦИЯ
Название коллекции Национальная библиография
Экземпляры
Тип экземпляра Дата поступления Источник поступления Библиотека постоянного хранения Библиотека текущего хранения Место хранения Шифр хранения Штрих-код Статус экземпляра
Книга 05.02.2008 Обязательный экземпляр РНБ (Московский) РНБ (Московский) Русский книжный фонд: издания с 1957 года 2008-3/2869 2598811  
Книга 05.02.2008 Обязательный экземпляр РНБ (Московский) РНБ (Московский) Русский книжный фонд: издания с 1957 года 2008-3/2869 2598814